Porovnanie presnosti merania optickou a röntgenovou metódou zberu dát

Salvato in:
Dettagli Bibliografici
Autore principale: Vaculka, Jakub (Autore)
Altri autori: Samardžiová, Michaela (Relatore della tesi)
Natura: Manoscritto Libro
Lingua:slovacco
Pubblicazione: 2016
Soggetti:
Accesso online:http://is.stuba.sk/zp/portal_zp.pl?podrobnosti=118386
Tags: Aggiungi Tag
Nessun Tag, puoi essere il primo ad aggiungerne!!

MARC

LEADER 00000ntm a22000003a 4500
001 stuzp56383
003 SK-STU
005 20200129101817.6
007 ta
008 150427s2015----xo-----f-mn---000-0-slo-d
040 |a STU  |b slo 
041 0 |a slo 
100 1 |a Vaculka, Jakub  |u 063000  |k Z4  |4 aut  |U MTF Materiálovotechnologická fakulta  |T MTF Ústav výrobných technológií  |X 45927  |U M3000  |Y 83  |7 A000045927 
242 0 1 |a Comparison of the measurement accuracy between optical and X-ray method of data collection  |y eng 
245 1 0 |a Porovnanie presnosti merania optickou a röntgenovou metódou zberu dát 
260 |c 2016 
650 4 |a digitalizácia  |2 slo 
650 4 |a optický 3D skener  |2 slo 
650 4 |a počítačová tomografia  |2 slo 
650 4 |a presnosť merania  |2 slo 
650 4 |a measuring accuracy  |2 eng 
650 4 |a digitizing  |2 eng 
650 4 |a optical 3D scanner  |2 eng 
650 4 |a computed tomography  |2 eng 
700 1 |a Samardžiová, Michaela  |u 063000  |k Z2  |4 ths  |U MTF Materiálovotechnologická fakulta  |T MTF Ústav výrobných technológií  |X 37948  |U M3000  |Y 83  |7 37948 
856 4 |u http://is.stuba.sk/zp/portal_zp.pl?podrobnosti=118386 
996 |c M* DP-12868  |l MMSKP  |s P  |a 0  |w stuzp56383_0001 
SQL |a stuzp56383  |b DDP  |c SLO  |d Porovnanie presnosti merania optickou a röntgenovou metódou zberu dát  |e 45927  |f Vaculka, Jakub  |g 063000  |h 37948  |i Samardžiová, Michaela  |j 20160608  |k 187  |l 06  |m http://is.stuba.sk/zp/portal_zp.pl?podrobnosti=118386  |n I-PPN  |o 5.2.51. výrobné technológie